000 01122nam a2200229Ia 4500
001 L301-23135
003 IT-CnALBA
008 170116s9999||||xx |||||||||||||| ||und||
040 _aIT-CnALBA
_cIT-CnALBA
041 _aITALIANO
100 _aGIORDANI IGINO
245 0 _aLA RIVOLTA CATTOLICA.
250 _a2a ed.
260 _a ROMA
_bCOLETTI EDITORE
_c1945 [1° Ed.:1925 - Ed.Ling.Originale: 1925]
300 _a193 p.
500 _aCOLLANA DI STUDI SOCIALI. POSTUMI DI GUERRA. IDEE LIMINARI. CATTOLICI E CATTOLICISTI. TRINCEA POLITICA. POLEMICHE SULLA GUERRA. VITA MORTE EROISMO. NAZIONALISMO. FASCISMO. RELIGIONE E POLITICA. DIGNITÀ DELL'AANTIFASCISMO. BARATTO.
501 _aSocietà San Paolo EM - Piazza San Paolo, 14 - 12051 ALBA (CN) (non commercial uses only) ® Copyright 2017
520 _aCOLLANA DI STUDI SOCIALI. POSTUMI DI GUERRA. IDEE LIMINARI. CATTOLICI E CATTOLICISTI. TRINCEA POLITICA. POLEMICHE SULLA GUERRA. VITA MORTE EROISMO. NAZIONALISMO. FASCISMO. RELIGIONE E POLITICA. DIGNITÀ DELL'AANTIFASCISMO. BARATTO.
650 _aSCIENZE SOCIALI
942 _cBK
957 _71
999 _a27876
_bSI
_g Copie: 1
_c282235
_d282235